| 000 | 00762nam a2200217 a 4500 | ||
|---|---|---|---|
| 001 | 000020268 | ||
| 005 | 20200929170336.0 | ||
| 008 | 150408s2012 dr 000 0 spa d | ||
| 020 | _a9789945870398 | ||
| 040 |
_aDO-SdBNP _bspa _cBNPHU |
||
| 082 |
_axxxx _bxxxx |
||
| 100 | 1 |
_aBravo Cordero, Yuvivian _942896 |
|
| 245 | 1 | 0 |
_aEconomía aplicada : _bun enfoque en República Dominicana / _cYuvivian Bravo Cordero ; colaborador Juan Carlos Espinal. |
| 260 |
_aSanto Domingo : _bUAPA, _c2012. |
||
| 300 |
_a395 p. ; _c27 cm. |
||
| 490 | 1 | _aAutoaprendizaje | |
| 500 | _aIncluye referencias bibliográficas y notas al pie de las páginas | ||
| 504 | _aBibliografías : p. 394-395 | ||
| 700 | 1 |
_aEspinal, Juan Carlos, _ecol. _931865 |
|
| 830 | 0 |
_aAutoaprendizaje _91208 |
|
| 999 |
_c19772 _d19772 |
||